• 首页
  • 本馆介绍
  • 公告通知
  • 最新文献
  • 馆藏检索
  • 电子资源
  • 读者导购
  • 参考咨询
  • 我的图书馆
  • 登录
  • 详细信息显示
  • 放入我的书架
  • 预约/预借图书
  • 作者相关作品
  • 分类相关作品
  • 丛书相关作品
  • 出版社相关作品

书目信息

  • 表格格式
  • 工作单格式
  • 卡片格式
题名:
摄影用光
    
 
作者: 吴印咸 著
分册:  
出版信息: 北京   中国摄影出版社  1979
页数: 170页
开本: 20cm
丛书名:
单 册:
中图分类: TB811
科图分类:
主题词: 摄影照明--基本知识
电子资源:
ISBN:
000 00559nam0 2200217 45
001 0179008414
005 20060820144519.01
010    @dCNY1.90
091    @a8028.3023
100    @a19950801d1979 em y0chiy0121 ea
101 0  @achi
102    @aCN@b110000
105    @af z 000yy
200 10 @a摄影用光@Ashe ying yong guang@f吴印咸著
210    @a北京@c中国摄影出版社@d1979
215    @a170页@c图@d20cm
606    @a摄影照明@x基本知识
690    @aTB811@v3
701  0 @a吴印咸@Awu yin xian@4著
801  0 @aCN@bTSSF@c20060820
905    @a10447@dTB811@e127
    
    摄影用光/吴印咸著.-北京:中国摄影出版社,1979
    170页:图;20cm
    
    
    ISBN :CNY1.90
    
●
相关链接 在E读中查询图书 在五车中查询图书 在当当中查询图书 在豆瓣中查询图书


正题名:摄影用光     索取号:TB811/127         预约/预借

序号 登录号 条形码 馆藏地/架位号 状态 备注
1 0470365   204703650   密集书库/ [索取号:TB811/127] 在馆    
唐山师范学院图书馆 欢迎您!
大连网信软件有限公司© 版权所有